Loading...
| Fine Arts - Auditory Fine Arts | 0 | 6 | 1 | 2 | 55 | 121 | 141.50 | 0 | 3 |
| Social Science | 1 | 4 | 1 | 0 | 50 | 76 | 94.60 | 2 | 4 |
| History - European History | 0 | 5 | 0 | 1 | 50 | 69 | 100.00 | 0 | 3 |
| Philosophy | 0 | 5 | 1 | 0 | 45 | 95 | 124.60 | 1 | 1 |
| Literature - World Literature | 0 | 4 | 0 | 2 | 40 | 103 | 133.25 | 1 | 3 |
| History - Ancient History | 0 | 5 | 2 | 2 | 40 | 97 | 128.40 | 0 | 2 |
| Literature - British Literature | 0 | 3 | 0 | 0 | 30 | 123 | 135.67 | 0 | 0 |
| Science - Biology | 0 | 3 | 0 | 2 | 30 | 123 | 130.33 | 0 | 0 |
| Religion | 1 | 1 | 0 | 0 | 25 | 54 | 83.00 | 1 | 2 |
| Geography | 1 | 1 | 0 | 0 | 25 | 82 | 112.50 | 1 | 1 |
| Science - Other Science | 0 | 2 | 0 | 0 | 20 | 108 | 110.00 | 0 | 0 |
| History - World History | 0 | 2 | 0 | 1 | 20 | 77 | 108.50 | 0 | 1 |
| Other Academic | 0 | 2 | 0 | 0 | 20 | 101 | 108.50 | 0 | 1 |
| Literature - American Literature | 0 | 2 | 0 | 0 | 20 | 159 | 161.50 | 0 | 1 |
| History - American History | 0 | 2 | 1 | 0 | 15 | 104 | 117.00 | 1 | 1 |
| Mythology | 0 | 1 | 0 | 0 | 10 | 90 | 90.00 | 0 | 1 |
| Science - Chemistry | 0 | 1 | 0 | 1 | 10 | 130 | 130.00 | 0 | 0 |
| Literature - European Literature | 0 | 2 | 3 | 0 | 5 | 111 | 130.50 | 0 | 2 |
| Fine Arts - Visual Fine Arts | 0 | 2 | 4 | 1 | 0 | 137 | 141.00 | 0 | 1 |